[Event "Oisterwijk zt (Women)"]
[Site "Oisterwijk"]
[Date "1991.??.??"]
[Round "7"]
[White "De Greef, Heleen"]
[Black "Flear, Christine"]
[Result "1-0"]
[WhiteElo "2175"]
[BlackElo "2225"]
[EventDate "1991.??.??"]
[PlyCount "131"]

1.e4 e5 2.Nf3 Nc6 3.d4 exd4 4.Nxd4 Qf6 5.Nb3 Qg6 6.Be2 Nf6 7.O-O d6 8.Nc3 
Bh3 9.Bf3 O-O-O 10.Kh1 Bg4 11.Bxg4+ Qxg4 12.f3 Qh5 13.Nd5 Be7 14.c4 g5 15.
Nd4 Nxd5 16.Nxc6 bxc6 17.cxd5 c5 18.Qa4 Bf6 19.Be3 Be5 20.Bg1 Rdg8 21.Qxa7
Rg6 22.h3 Rhg8 23.Rab1 g4 24.fxg4 Rxg4 25.Rf5 R8g5 26.Rbf1 f6 27.Qa6+ Kd8 
28.Qe2 Qg6 29.Rxg5 Rxg5 30.b3 Ke7 31.a4 Rh5 32.a5 Rh4 33.Rf5 Qg3 34.Rf3 
Qg6 35.Rf5 Qg3 36.Rh5 Rxh5 37.Qxh5 Qxb3 38.Qxh7+ Kd8 39.Qg8+ Kd7 40.Qg4+ 
Kd8 41.a6 Qa2 42.Qg8+ Kd7 43.Qa8 Qa1 44.a7 Bd4 45.Qc6+ Ke7 46.Qxc7+ Ke8 
47.a8=Q+ Qxa8 48.Qc6+ Qxc6 49.dxc6 Be5 50.Be3 Kd8 51.h4 Kc7 52.h5 Kxc6 53.
h6 f5 54.exf5 Kd5 55.Bg5 Bh8 56.Be7 Ke5 57.g4 c4 58.Bg5 d5 59.Kg2 d4 60.
Kf3 c3 61.Bf4+ Kd5 62.g5 d3 63.g6 d2 64.Bxd2 cxd2 65.Ke2 Bf6 66.g7 1-0

[Event "Oisterwijk zt (Women)"]
[Site "Oisterwijk"]
[Date "1991.??.??"]
[Round "7"]
[White "Limbach, Renate"]
[Black "Lebel Arias, Julia"]
[Result "1-0"]
[WhiteElo "2130"]
[BlackElo "2055"]
[EventDate "1991.??.??"]
[PlyCount "111"]

1.e4 Nf6 2.e5 Nd5 3.d4 d6 4.Bc4 dxe5 5.dxe5 c6 6.Nc3 Be6 7.Nf3 Nc7 8.Qxd8+
Kxd8 9.Bd3 Nd7 10.Bf4 h6 11.h4 Nd5 12.Nxd5 Bxd5 13.O-O-O Bxf3 14.gxf3 e6 
15.h5 Kc7 16.Rhg1 Rd8 17.Bf1 Nb6 18.Rxd8 Kxd8 19.Bg3 Be7 20.Bf4 Bf8 21.Be3
Kc7 22.c4 Nd7 23.f4 Rg8 24.Bd3 b6 25.Bh7 Rh8 26.Bc2 a6 27.a4 a5 28.Kd2 Nb8
29.f5 exf5 30.f4 Na6 31.Bxf5 Nb4 32.Ke2 Na6 33.Rd1 Nb8 34.Rg1 Na6 35.Bd2 
Nb8 36.c5 Na6 37.cxb6+ Kxb6 38.Be3+ c5 39.Bd3 Nb4 40.Bc4 f6 41.Rg6 Kc7 42.
exf6 gxf6 43.Rxf6 Bd6 44.f5 Rf8 45.Rxf8 Bxf8 46.Kf3 Nc2 47.Bd2 Nd4+ 48.Ke4
Kb6 49.f6 Nc6 50.Kf5 Kc7 51.Bf4+ Kd8 52.b3 Nd4+ 53.Kg6 Kd7 54.Kf7 Bd6 55.
Bxd6 Kxd6 56.Kg8 1-0

[Event "Oisterwijk zt (Women)"]
[Site "Oisterwijk"]
[Date "1991.??.??"]
[Round "8"]
[White "Flear, Christine"]
[Black "De Vries, Sylvia"]
[Result "0-1"]
[WhiteElo "2225"]
[BlackElo "2150"]
[EventDate "1991.??.??"]
[PlyCount "76"]

1.d4 Nf6 2.c4 g6 3.Nc3 Bg7 4.e4 d6 5.Nf3 O-O 6.h3 e5 7.d5 Na6 8.Be3 Nh5 9.
Nh2 Qe8 10.Be2 Nf4 11.Bf3 f5 12.O-O Qe7 13.exf5 gxf5 14.Bxf4 exf4 15.Re1 
Be5 16.Qd2 Qg7 17.Rac1 Nc5 18.Kh1 a5 19.b3 Kh8 20.Qc2 Bd7 21.Nb5 Be8 22.
Nf1 Ne4 23.Rcd1 Rg8 24.Nh2 c6 25.Na3 Bh5 26.Rg1 Bd4 27.Rdf1 Bxf2 28.Bxe4 
Bxg1 29.Rxg1 fxe4 30.Qxe4 Rae8 31.Qxf4 Re1 32.Qf2 Re2 33.Qf1 Rxa2 34.Nb1 
Bg6 35.Nf3 Bxb1 36.Qxb1 Rxg2 37.Rf1 Rb2 38.Qf5 Qg2# 0-1

[Event "Oisterwijk zt (Women)"]
[Site "Oisterwijk"]
[Date "1991.??.??"]
[Round "8"]
[White "Lebel Arias, Julia"]
[Black "De Greef, Heleen"]
[Result "1/2-1/2"]
[WhiteElo "2055"]
[BlackElo "2175"]
[EventDate "1991.??.??"]
[PlyCount "148"]

1.d4 Nf6 2.Nf3 c5 3.e3 cxd4 4.exd4 d5 5.Bd3 Bg4 6.c3 Bxf3 7.Qxf3 e6 8.O-O 
Bd6 9.Bg5 h6 10.Bh4 Nc6 11.Nd2 Rc8 12.Rae1 Be7 13.Bxf6 gxf6 14.Qh5 Kf8 15.
f4 Bd6 16.Rf3 f5 17.Ref1 Qf6 18.Rh3 Ne7 19.g3 Qg6 20.Nf3 Bxf4 21.Kh1 Qxh5 
22.Rxh5 Bd6 23.Nh4 Ng8 24.Bxf5 exf5 25.Rhxf5 Rh7 26.Rxd5 Bb8 27.Rd7 b6 28.
Nf5 Nf6 29.Rb7 Nd5 30.c4 Nb4 31.a3 Na6 32.Rd7 Bc7 33.b4 Nb8 34.Re7 Nc6 35.
Rd7 Nb8 36.Re7 Nc6 37.Rd7 Ke8 38.Rd5 Ne7 39.Nxe7 Kxe7 40.Re1+ Kf6 41.Rd7 
Kg6 42.Ree7 Bb8 43.c5 bxc5 44.bxc5 Rg7 45.Rb7 Rgg8 46.Rxf7 Rgd8 47.Rfd7 
Rxd7 48.Rxd7 Kf5 49.Re7 h5 50.Kg2 Kf6 51.Rb7 Ke6 52.Kf3 Kd5 53.Ke3 h4 54.
gxh4 Bxh2 55.Rxa7 Rh8 56.Kd3 Rxh4 57.Rd7+ Kc6 58.Rd8 Rh3+ 59.Kc4 Rxa3 60.
d5+ Kc7 61.Rh8 Be5 62.Rh7+ Kd8 63.Kb5 Ra1 64.Kc6 Ra6+ 65.Kb5 Ra1 66.Rh5 
Bd4 67.c6 Re1 68.Rh7 Re7 69.Rh4 Be5 70.Kc5 Kc7 71.Rh6 Bf4 72.Rf6 Bg3 73.
Rf3 Be5 74.Rb3 Bd6+ 1/2-1/2

[Event "Oisterwijk zt (Women)"]
[Site "Oisterwijk"]
[Date "1991.??.??"]
[Round "9"]
[White "De Vries, Sylvia"]
[Black "Lebel Arias, Julia"]
[Result "1/2-1/2"]
[WhiteElo "2150"]
[BlackElo "2055"]
[EventDate "1991.??.??"]
[PlyCount "124"]

1.d4 g6 2.c4 Bg7 3.Nc3 d6 4.e4 c6 5.Be3 Nh6 6.Be2 f6 7.h4 Nf7 8.h5 e5 9.
hxg6 hxg6 10.Rxh8+ Bxh8 11.d5 Na6 12.g4 Bd7 13.a3 Bg7 14.Bf3 Qc7 15.Qd2 
Nc5 16.Bd1 a5 17.Rb1 a4 18.f3 Qa5 19.Bc2 Ke7 20.Kf1 Qa6 21.Qe2 Rh8 22.Bxc5
dxc5 23.Nxa4 cxd5 24.Nxc5 Qxc4 25.Qxc4 dxc4 26.Nxb7 Rh2 27.Bd1 Bh6 28.Ne2 
Be3 29.Nc3 Bc6 30.Na5 Ba8 31.Nxc4 Bd4 32.Rc1 Ng5 33.Rc2 Rxc2 34.Bxc2 Nxf3 
35.Bd1 Ng5 36.Nd5+ Kf7 37.Bc2 Bc6 38.b4 Bb5 39.Bd3 Nxe4 40.Nxe5+ fxe5 41.
Bxb5 Ke6 42.Nc7+ Kd6 43.Ne8+ Kd5 44.Nc7+ Kd6 45.Bd3 Kxc7 46.Bxe4 g5 47.Ke2
Bb2 48.a4 Ba3 49.b5 Kb6 50.Ke3 Bc1+ 51.Kd3 Bf4 52.Kc4 Bd2 53.Kd5 Bf4 54.
Kc4 Bd2 55.Kd5 Bf4 56.Bd3 Bg3 57.a5+ Kxa5 58.Kc6 Bf2 59.Kd5 Bd4 60.Ke4 Kb6
61.Kf5 Be3 62.Kxe5 Bf4+ 1/2-1/2

[Event "Oisterwijk zt (Women)"]
[Site "Oisterwijk"]
[Date "1991.??.??"]
[Round "9"]
[White "Harmsen, Jessica"]
[Black "Flear, Christine"]
[Result "0-1"]
[WhiteElo "2190"]
[BlackElo "2225"]
[EventDate "1991.??.??"]
[PlyCount "78"]

1.f4 d5 2.b3 e6 3.Bb2 Nf6 4.Nf3 c5 5.e3 Bd6 6.Bb5+ Bd7 7.Qe2 a6 8.Bxd7+ 
Nbxd7 9.O-O Qc7 10.d3 O-O 11.Nbd2 Rfe8 12.Rae1 b5 13.Nh4 Rac8 14.e4 dxe4 
15.Nxe4 Nxe4 16.Qxe4 c4 17.dxc4 bxc4 18.Rd1 cxb3 19.cxb3 Be7 20.Nf3 Nf6 
21.Bxf6 Bxf6 22.Qa4 Qb6+ 23.Kh1 Red8 24.Rxd8+ Rxd8 25.h3 h6 26.Rc1 Qe3 27.
Re1 Qd3 28.Qe4 Qb5 29.Qe2 Qa5 30.Rc1 Bc3 31.Qc4 Bd2 32.Rd1 Be3 33.Rxd8+ 
Qxd8 34.Ne5 Qd1+ 35.Kh2 Qg1+ 36.Kg3 Qf2+ 37.Kg4 Qxg2+ 38.Kh4 Bf2+ 39.Kh5 
Qxh3# 0-1

[Event "Statisztika"]
[Site "Budapest"]
[Date "1991.??.??"]
[Round "1"]
[White "Gyorkos, Lajos"]
[Black "Varga, Sandor"]
[Result "1-0"]
[WhiteElo "2390"]
[BlackElo "2205"]
[EventDate "1991.??.??"]
[PlyCount "99"]

1.Nf3 Nf6 2.g3 g6 3.Bg2 Bg7 4.O-O O-O 5.c4 d6 6.d4 c5 7.Nc3 Nc6 8.d5 Na5 
9.Nd2 e5 10.Qc2 Bd7 11.b3 Nh5 12.Bb2 f5 13.f3 Bh6 14.Nd1 b5 15.e3 Rb8 16.
f4 exf4 17.gxf4 bxc4 18.bxc4 Qe8 19.Rb1 Nf6 20.Bc3 Nb7 21.Qd3 Bc8 22.Nf2 
Ra8 23.Rfe1 Qa4 24.Rb3 a6 25.Qb1 Na5 26.Qb2 Nxb3 27.axb3 Qe8 28.Bxf6 Bxf4 
29.Bh8 Bh6 30.e4 Ra7 31.Nf3 Qf7 32.Bc3 Bg7 33.e5 dxe5 34.Bxe5 Bxe5 35.Nxe5
Qf6 36.Nfd3 f4 37.Qf2 Rc7 38.Bf3 Re8 39.Re2 Bf5 40.Ng4 Qa1+ 41.Kg2 Rf8 42.
d6 Rd7 43.Qxc5 Bxg4 44.Qd5+ Kh8 45.Bxg4 Qf6 46.c5 h5 47.Bf3 g5 48.Re6 Qg7 
49.Qe5 Qxe5 50.Nxe5 1-0

[Event "Statisztika"]
[Site "Budapest"]
[Date "1991.??.??"]
[Round "1"]
[White "Izsak, Gyula"]
[Black "Lehmann, Heinz"]
[Result "0-1"]
[WhiteElo "2285"]
[BlackElo "2315"]
[EventDate "1991.??.??"]
[PlyCount "88"]

1.d4 Nf6 2.Nf3 g6 3.c4 Bg7 4.Nc3 d5 5.e3 O-O 6.Be2 c5 7.O-O dxc4 8.dxc5 
Qa5 9.Bxc4 Qxc5 10.Qd4 Nfd7 11.Qxc5 Nxc5 12.Nd5 Nc6 13.Bb5 Bd7 14.Bxc6 
bxc6 15.Nc3 Rfb8 16.Nd4 Nd3 17.b3 c5 18.Nde2 Be6 19.Ba3 c4 20.bxc4 Bxc4 
21.Rab1 e5 22.Rfd1 Rb6 23.Rxb6 axb6 24.Bd6 b5 25.a3 Ra6 26.Be7 f6 27.Nc1 
Kf7 28.Nxd3 Kxe7 29.Nb1 f5 30.Nb4 Rd6 31.Re1 e4 32.f3 Ke6 33.Kf2 Bb2 34.h3
h5 35.Rg1 Bd3 36.g4 fxg4 37.Nxd3 Rxd3 38.hxg4 h4 39.Ke2 Bxa3 40.fxe4 Rxe3+
41.Kd2 Rg3 42.Rxg3 hxg3 43.Ke3 Bc1+ 44.Kf3 b4 0-1

[Event "Statisztika"]
[Site "Budapest"]
[Date "1991.??.??"]
[Round "1"]
[White "Nemeth, Zoltan"]
[Black "Steckner, Johannes"]
[Result "0-1"]
[WhiteElo "2345"]
[BlackElo "2300"]
[EventDate "1991.??.??"]
[PlyCount "104"]

1.Nf3 Nf6 2.g3 d5 3.Bg2 c6 4.b3 Bg4 5.Bb2 Nbd7 6.d3 e6 7.Nbd2 a5 8.e4 a4 
9.h3 Bxf3 10.Qxf3 Bb4 11.e5 Qa5 12.Rd1 Ng8 13.Qg4 a3 14.Bd4 g6 15.f4 c5 
16.Bf2 Bc3 17.Qe2 Ne7 18.O-O Nc6 19.Nf3 Nb4 20.Ra1 b5 21.g4 O-O-O 22.d4 
Nc6 23.Rad1 c4 24.Qe3 Kb7 25.f5 h6 26.fxe6 fxe6 27.Be1 Bxe1 28.Rdxe1 Nb4 
29.Qd2 c3 30.Qe2 Nxa2 31.Nh4 g5 32.Ng6 Rh7 33.Bxd5+ exd5 34.e6 Qb6 35.exd7
Rhxd7 36.Nf8 Nb4 37.Ne6 Rc8 38.Qf2 a2 39.Nc5+ Rxc5 40.dxc5 Qc6 41.Qd4 Nxc2
42.Qxc3 Nxe1 43.b4 Re7 44.Qa1 Nc2 45.Qxa2 Nxb4 46.Qf2 Nd3 47.Qf8 Qxc5+ 48.
Kh1 Qe3 49.Ra1 Qxh3+ 50.Kg1 Qxg4+ 51.Kh1 Qh3+ 52.Kg1 Qg3+ 0-1

[Event "Statisztika"]
[Site "Budapest"]
[Date "1991.??.??"]
[Round "1"]
[White "Peters, Carsten"]
[Black "Higatsberger, Michael"]
[Result "1-0"]
[WhiteElo "2275"]
[BlackElo "2200"]
[EventDate "1991.??.??"]
[PlyCount "73"]

1.d4 Nf6 2.c4 c5 3.d5 e6 4.Nc3 exd5 5.cxd5 d6 6.e4 g6 7.f3 Bg7 8.Bg5 h6 9.
Be3 O-O 10.Qd2 a6 11.a4 h5 12.Nge2 Nbd7 13.Nc1 Qa5 14.Ra3 Nb6 15.Be2 Bd7 
16.O-O Qb4 17.N1a2 Qa5 18.Rb1 Rfe8 19.b4 cxb4 20.Rxb4 Nfxd5 21.Nxd5 Nxd5 
22.Qxd5 Qxd5 23.exd5 b5 24.axb5 axb5 25.Rxa8 Rxa8 26.Nc1 Bc3 27.Rb1 b4 28.
Bd3 Re8 29.Kf2 Re5 30.Na2 Rxd5 31.Be4 Rb5 32.Nxc3 bxc3 33.Rxb5 Bxb5 34.Bd4
Kf8 35.Bxc3 Ke7 36.Ke3 Bd7 37.Bd5 1-0

[Event "Statisztika"]
[Site "Budapest"]
[Date "1991.??.??"]
[Round "1"]
[White "Schneider, Attila"]
[Black "Morvay, Miklos"]
[Result "1-0"]
[WhiteElo "2385"]
[BlackElo "2315"]
[EventDate "1991.??.??"]
[PlyCount "69"]

1.Nf3 d5 2.d4 c6 3.c4 e6 4.Qc2 f5 5.g3 Nf6 6.Bg2 Na6 7.O-O Nb4 8.Qb3 dxc4 
9.Qxc4 Qd5 10.Na3 Ne4 11.Bf4 b6 12.Qc1 Ba6 13.Qe3 c5 14.Rfd1 Rd8 15.h3 Nc6
16.dxc5 Qxc5 17.Ng5 Qxe3 18.Bxe3 Rxd1+ 19.Rxd1 Bxe2 20.Rc1 Nd8 21.Nxe4 
fxe4 22.Rc7 Bd6 23.Rxa7 Bd3 24.Bxb6 O-O 25.Ra4 Nf7 26.Bxe4 Bxe4 27.Rxe4 
Ng5 28.Re2 Ra8 29.Nc4 Be7 30.h4 Nf7 31.Rxe6 Bf6 32.a4 Nh6 33.a5 Nf5 34.b4 
Bc3 35.b5 1-0

[Event "Statisztika"]
[Site "Budapest"]
[Date "1991.??.??"]
[Round "2"]
[White "Kovacs, Janos"]
[Black "Morvay, Miklos"]
[Result "1/2-1/2"]
[WhiteElo "2345"]
[BlackElo "2315"]
[EventDate "1991.??.??"]
[PlyCount "117"]

1.c4 e5 2.Nc3 Nc6 3.g3 g6 4.Bg2 Bg7 5.e3 f5 6.Nge2 e4 7.O-O Ne5 8.b3 h5 9.
Nf4 h4 10.d4 exd3 11.Bb2 hxg3 12.hxg3 Nf6 13.Nxd3 Nxd3 14.Qxd3 Ng4 15.e4 
f4 16.e5 Qg5 17.gxf4 Qxf4 18.Qg3 Qxg3 19.fxg3 Bxe5 20.Rae1 Kd8 21.Nd1 d6 
22.c5 Re8 23.Bxe5 Nxe5 24.cxd6 cxd6 25.Nc3 Bf5 26.Nb5 Kd7 27.Rd1 Bd3 28.
Nxd6 Kxd6 29.Be4 Kc5 30.Bxd3 Rad8 31.Be4 b5 32.a3 Rd4 33.b4+ Kc4 34.Bd5+ 
Kc3 35.Rc1+ Kb2 36.Rb1+ Kc3 37.Rfc1+ Kd2 38.Rd1+ Ke3 39.Rb3+ Rd3 40.Rdxd3+
Nxd3 41.Bf7 Re5 42.Bxg6 Rg5 43.Bxd3 Rxg3+ 44.Kh2 Kf4 45.Rc3 Re3 46.Kg2 Ke5
47.Rc5+ Kd4 48.Rxb5 Kxd3 49.Ra5 Re7 50.Kg3 Kc4 51.Kf4 Kb3 52.Kf5 Rf7+ 53.
Ke6 Rg7 54.Kd6 Rh7 55.Kc6 Rg7 56.Kd6 Rh7 57.Kc6 Rg7 58.Kb5 Rg5+ 59.Kc6 
1/2-1/2

[Event "Statisztika"]
[Site "Budapest"]
[Date "1991.??.??"]
[Round "2"]
[White "Lehmann, Heinz"]
[Black "Gyorkos, Lajos"]
[Result "0-1"]
[WhiteElo "2315"]
[BlackElo "2390"]
[EventDate "1991.??.??"]
[PlyCount "92"]

1.c4 Nf6 2.Nc3 g6 3.g3 Bg7 4.Bg2 O-O 5.Nf3 c6 6.O-O d5 7.cxd5 cxd5 8.d4 
Bf5 9.Ne5 Ne4 10.Be3 Nxc3 11.bxc3 Nc6 12.Nxc6 bxc6 13.f3 Qa5 14.Qd2 c5 15.
Rfd1 Bd7 16.Rab1 Ba4 17.Rdc1 cxd4 18.Bxd4 e5 19.Bf2 Rac8 20.Qb2 Bd7 21.Bf1
Bf5 22.Qb4 Qxb4 23.Rxb4 d4 24.e4 Be6 25.c4 Rc7 26.Kg2 Rfc8 27.f4 Bh6 28.
Rc2 Rd8 29.Bd3 exf4 30.gxf4 Bxf4 31.Bg3 Bxg3 32.Kxg3 Rdc8 33.h4 Rc5 34.Rd2
Kg7 35.Rb7 a6 36.Ra7 Ra5 37.Kg2 Ra3 38.Kh2 Rc5 39.Be2 Rca5 40.Kg1 Rxa2 41.
Rxa2 Rxa2 42.Kf1 Rc2 43.c5 Rc1+ 44.Kf2 Rxc5 45.Bxa6 Ra5 46.Ra8 Ra2+ 0-1

[Event "Statisztika"]
[Site "Budapest"]
[Date "1991.??.??"]
[Round "2"]
[White "Petran, Pal"]
[Black "Peters, Carsten"]
[Result "1-0"]
[WhiteElo "2415"]
[BlackElo "2275"]
[EventDate "1991.??.??"]
[PlyCount "83"]

1.d4 Nf6 2.c4 e6 3.Nc3 Bb4 4.Qc2 O-O 5.a3 Bxc3+ 6.Qxc3 b6 7.Bg5 Bb7 8.f3 
h6 9.Bh4 d5 10.e3 Nbd7 11.cxd5 Nxd5 12.Bxd8 Nxc3 13.Bxc7 Nd5 14.Bd6 Nxe3 
15.Kf2 Nc2 16.Rd1 Rfc8 17.Bb5 Nf6 18.Ne2 a6 19.Bd3 Nd5 20.Rc1 Rc6 21.Rxc2 
Rxd6 22.Be4 Rb8 23.Rhc1 Nf6 24.Ke3 h5 25.h3 g6 26.Rc7 Bxe4 27.fxe4 Ne8 28.
Ra7 b5 29.Rf1 f5 30.e5 Rc6 31.d5 exd5 32.Nd4 Rc7 33.Rxa6 Kf7 34.g4 hxg4 
35.hxg4 Ng7 36.Rf6+ Kg8 37.Rxg6 fxg4 38.e6 b4 39.a4 Ra8 40.b3 Rac8 41.Rxg4
Rc3+ 42.Kd2 1-0

[Event "Statisztika"]
[Site "Budapest"]
[Date "1991.??.??"]
[Round "2"]
[White "Varga, Sandor"]
[Black "Schneider, Attila"]
[Result "1-0"]
[WhiteElo "2205"]
[BlackElo "2385"]
[EventDate "1991.??.??"]
[PlyCount "79"]

1.e4 c5 2.Nc3 g6 3.f4 Bg7 4.Nf3 Nc6 5.Bb5 Nd4 6.O-O e6 7.Nxd4 cxd4 8.Ne2 
Ne7 9.d3 O-O 10.Ba4 d6 11.c3 b5 12.Bb3 Nc6 13.cxd4 Nxd4 14.Be3 Nxb3 15.
Qxb3 a5 16.Nd4 a4 17.Qb4 a3 18.b3 e5 19.fxe5 dxe5 20.Nc6 Qxd3 21.Bc5 Bb7 
22.Rad1 Qe2 23.Rd2 Qg4 24.Bxf8 Bxf8 25.Ne7+ Kg7 26.Qxb5 Qxe4 27.Qd7 Bxe7 
28.Qxe7 Bd5 29.Qf6+ Kh6 30.Rfd1 Qe3+ 31.Kh1 Be6 32.Rf2 Qg5 33.Qf3 Rc8 34.
h3 f5 35.Qe2 e4 36.Qa6 Qe7 37.Re2 Rc3 38.Qa5 Qc5 39.Qd8 Rc1 40.Qd2+ 1-0

[Event "Statisztika"]
[Site "Budapest"]
[Date "1991.??.??"]
[Round "3"]
[White "Gyorkos, Lajos"]
[Black "Steckner, Johannes"]
[Result "1/2-1/2"]
[WhiteElo "2390"]
[BlackElo "2300"]
[EventDate "1991.??.??"]
[PlyCount "65"]

1.d4 Nf6 2.Nf3 e6 3.g3 d5 4.Bg2 b5 5.O-O Be7 6.Ne5 c5 7.c3 Bb7 8.a4 b4 9.
a5 O-O 10.dxc5 Bxc5 11.Nd3 Qe7 12.Bg5 Na6 13.Bxf6 gxf6 14.Qd2 Rfc8 15.Qh6 
f5 16.cxb4 Bxb4 17.Nxb4 Nxb4 18.Nc3 Ba6 19.Rfd1 Rab8 20.Rd4 Qf8 21.Qh5 Rc4
22.Rad1 Qg7 23.R4d2 Rc5 24.Qh4 Rc4 25.Qe7 Rb7 26.Qd8+ Qf8 27.Qf6 Qg7 28.
Nxd5 exd5 29.Qd8+ Qf8 30.Qg5+ Qg7 31.Qd8+ Qf8 32.Qg5+ Qg7 33.Qd8+ 1/2-1/2

[Event "Statisztika"]
[Site "Budapest"]
[Date "1991.??.??"]
[Round "3"]
[White "Izsak, Gyula"]
[Black "Higatsberger, Michael"]
[Result "1-0"]
[WhiteElo "2285"]
[BlackElo "2200"]
[EventDate "1991.??.??"]
[PlyCount "79"]

1.e4 c5 2.Nf3 d6 3.d4 cxd4 4.Nxd4 Nf6 5.Nc3 Nc6 6.Be2 e6 7.O-O Be7 8.Kh1 
O-O 9.Be3 Qc7 10.f4 a6 11.Bf3 Bd7 12.Qe1 Kh8 13.Rd1 Rfe8 14.Qf2 Rac8 15.a4
Bf8 16.Rfe1 e5 17.Nxc6 Bxc6 18.f5 b5 19.axb5 axb5 20.Bg5 b4 21.Na2 Qb7 22.
Bxf6 gxf6 23.c3 bxc3 24.Nxc3 Rb8 25.Rd2 Qb4 26.Ra1 Bh6 27.Rc2 Ra8 28.Rd1 
Ra5 29.Qh4 Bg5 30.Qh5 Qb3 31.Re2 Rc5 32.Rg1 Rg8 33.h4 Bf4 34.g3 Rxc3 35.
bxc3 Qxc3 36.gxf4 Rxg1+ 37.Kxg1 Qc1+ 38.Kg2 Kg7 39.fxe5 dxe5 40.Qg4+ 1-0

[Event "Statisztika"]
[Site "Budapest"]
[Date "1991.??.??"]
[Round "3"]
[White "Morvay, Miklos"]
[Black "Varga, Sandor"]
[Result "1-0"]
[WhiteElo "2315"]
[BlackElo "2205"]
[EventDate "1991.??.??"]
[PlyCount "55"]

1.e4 e5 2.Nc3 Nf6 3.Bc4 Nc6 4.d3 d6 5.f4 Be7 6.Nf3 exf4 7.Bxf4 Bg4 8.O-O 
O-O 9.Qe1 Nh5 10.Be3 Bf6 11.Nd5 Bxf3 12.Nxf6+ Nxf6 13.gxf3 d5 14.Bb3 d4 
15.Bg5 h6 16.Bd2 Qd7 17.Qh4 Nh7 18.Kh1 Kh8 19.Rg1 f5 20.Rg3 f4 21.Bxf4 g5 
22.Bxg5 hxg5 23.Rxg5 Qe7 24.Rag1 Qf6 25.Qh5 Rae8 26.Rg6 Qe7 27.Qh6 Rf7 28.
f4 1-0

[Event "Statisztika"]
[Site "Budapest"]
[Date "1991.??.??"]
[Round "3"]
[White "Nemeth, Zoltan"]
[Black "Petran, Pal"]
[Result "1/2-1/2"]
[WhiteElo "2345"]
[BlackElo "2415"]
[EventDate "1991.??.??"]
[PlyCount "74"]

1.d4 Nf6 2.Nf3 d5 3.Bf4 c5 4.c3 Qb6 5.Qb3 Nc6 6.e3 c4 7.Qxb6 axb6 8.Nfd2 
b5 9.Na3 b4 10.Nb5 Ra5 11.a4 bxa3 12.Nxa3 e6 13.Nc2 Rxa1+ 14.Nxa1 Bd7 15.
Be2 Be7 16.O-O O-O 17.Nc2 Ra8 18.Ra1 Rxa1+ 19.Nxa1 b5 20.b4 Nxb4 21.cxb4 
Bxb4 22.Nb1 Ba5 23.f3 b4 24.Bd1 Bb5 25.Bd6 Ne8 26.Be7 f6 27.Kf2 Kf7 28.Bc5
Nc7 29.Nc2 Na6 30.Bd6 Ke8 31.e4 Kd7 32.Bf8 g6 33.exd5 exd5 34.Ne3 Ke6 35.
f4 Kf7 36.Bd6 Ke6 37.Bf8 Kf7 1/2-1/2

[Event "Statisztika"]
[Site "Budapest"]
[Date "1991.??.??"]
[Round "3"]
[White "Peters, Carsten"]
[Black "Kovacs, Janos"]
[Result "1/2-1/2"]
[WhiteElo "2275"]
[BlackElo "2345"]
[EventDate "1991.??.??"]
[PlyCount "47"]

1.d4 Nf6 2.c4 e6 3.Nc3 Bb4 4.e3 c5 5.Bd3 Nc6 6.Ne2 O-O 7.O-O cxd4 8.exd4 
d5 9.cxd5 Nxd5 10.Bc2 Qh4 11.Ne4 Be7 12.N2c3 f5 13.g3 Qh3 14.Nxd5 exd5 15.
Ng5 Bxg5 16.Bxg5 Qg4 17.Bf4 Qxd1 18.Raxd1 Be6 19.Rfe1 Rfe8 20.Ba4 Rac8 21.
Rc1 a6 22.Be5 b5 23.Bb3 Kf7 24.Kg2 1/2-1/2

[Event "Statisztika"]
[Site "Budapest"]
[Date "1991.??.??"]
[Round "4"]
[White "Higatsberger, Michael"]
[Black "Gyorkos, Lajos"]
[Result "1-0"]
[WhiteElo "2200"]
[BlackElo "2390"]
[EventDate "1991.??.??"]
[PlyCount "32"]

1.c4 Nf6 2.Nc3 g6 3.g3 Bg7 4.Bg2 O-O 5.e4 c5 6.Nge2 Nc6 7.Rb1 d6 8.a3 a5 
9.O-O e5 10.d3 Ne8 11.h3 Be6 12.f4 Qd7 13.Kh2 Rb8 14.Be3 b6 15.f5 gxf5 16.
exf5 Bxf5 1-0

[Event "Statisztika"]
[Site "Budapest"]
[Date "1991.??.??"]
[Round "4"]
[White "Lehmann, Heinz"]
[Black "Morvay, Miklos"]
[Result "1/2-1/2"]
[WhiteElo "2315"]
[BlackElo "2315"]
[EventDate "1991.??.??"]
[PlyCount "126"]

1.d4 Nf6 2.Nf3 c5 3.e3 g6 4.c4 cxd4 5.exd4 d5 6.Nc3 Bg7 7.Be2 O-O 8.O-O 
dxc4 9.Bxc4 Bg4 10.h3 Bxf3 11.Qxf3 Nc6 12.d5 Ne5 13.Qe2 Nxc4 14.Qxc4 Qd7 
15.Rd1 Rfd8 16.Be3 Ne8 17.Qb3 Nd6 18.Bd4 Bxd4 19.Rxd4 Rac8 20.a4 b6 21.Re1
Rc7 22.Qd1 Qf5 23.Qe2 Qf6 24.Red1 Rdc8 25.g3 Qf5 26.g4 Qf6 27.Kg2 Rc4 28.
Rxc4 Rxc4 29.Re1 Rc7 30.Qd3 Qf4 31.Ne4 Nxe4 32.Rxe4 Qd6 33.Rd4 Rd7 34.Qc4 
Qc5 35.b3 e6 36.d6 Qxc4 37.bxc4 f6 38.h4 Kf7 39.g5 fxg5 40.hxg5 e5 41.Re4 
Rxd6 42.Rxe5 Rd4 43.c5 Rxa4 44.cxb6 axb6 45.Rb5 Ra6 46.Kf3 Ke6 47.Ke4 Kd6 
48.f4 Ra4+ 49.Ke3 Kc6 50.Re5 Ra7 51.Kd4 Rf7 52.Re4 Kd6 53.Kc4 Rf5 54.Rd4+ 
Kc6 55.Re4 b5+ 56.Kc3 Rc5+ 57.Kb4 Rd5 58.Kc3 Kc5 59.Re7 b4+ 60.Kc2 Kc4 61.
Rc7+ Rc5 62.Rxh7 Kd5+ 63.Kb2 Ke4 1/2-1/2

[Event "Statisztika"]
[Site "Budapest"]
[Date "1991.??.??"]
[Round "4"]
[White "Petran, Pal"]
[Black "Izsak, Gyula"]
[Result "1/2-1/2"]
[WhiteElo "2415"]
[BlackElo "2285"]
[EventDate "1991.??.??"]
[PlyCount "93"]

1.d4 Nf6 2.c4 e6 3.Nf3 d5 4.Nc3 Be7 5.Bg5 c6 6.e3 Nbd7 7.Rc1 Ne4 8.Bxe7 
Qxe7 9.Qc2 Nef6 10.Bd3 O-O 11.O-O b6 12.Rfe1 Bb7 13.cxd5 cxd5 14.Ne5 Rac8 
15.Qb1 Nxe5 16.dxe5 Ng4 17.f3 Nxe5 18.Bxh7+ Kh8 19.Bd3 g6 20.Bf1 Kg7 21.
Qc2 Rh8 22.Qf2 Rhd8 23.Nb5 Nc6 24.f4 Ba6 25.Nd4 Nxd4 26.Bxa6 Rxc1 27.Rxc1 
Nf5 28.Bd3 Nd6 29.Qd2 Kg8 30.Qb4 Rc8 31.Rxc8+ Nxc8 32.Qxe7 Nxe7 33.Kf2 Kg7
34.g4 Nc8 35.e4 dxe4 36.Bxe4 f5 37.Bf3 fxg4 38.Bxg4 Kf6 39.Ke3 Nd6 40.b3 
e5 41.h4 Nf5+ 42.Ke4 Ng3+ 43.Kf3 Nf5 44.Bxf5 Kxf5 45.fxe5 Kxe5 46.Kg4 Ke6 
47.Kg5 1/2-1/2

[Event "Statisztika"]
[Site "Budapest"]
[Date "1991.??.??"]
[Round "5"]
[White "Morvay, Miklos"]
[Black "Steckner, Johannes"]
[Result "0-1"]
[WhiteElo "2315"]
[BlackElo "2300"]
[EventDate "1991.??.??"]
[PlyCount "76"]

1.e4 e6 2.d4 d5 3.Nc3 Bb4 4.e5 c5 5.a3 Bxc3+ 6.bxc3 Ne7 7.Qg4 Kf8 8.Bd3 
Qa5 9.Bd2 Qa4 10.Ra2 b6 11.Nf3 Ba6 12.Ng5 Bxd3 13.cxd3 h6 14.Qh5 g6 15.Qh4
Nd7 16.Nf3 Nf5 17.Qf4 Qb5 18.Ke2 c4 19.Rha1 cxd3+ 20.Ke1 Qc4 21.a4 g5 22.
Qg4 Nc5 23.Qh5 Ng7 24.Qh3 Ne4 25.Rb2 h5 26.g4 Rc8 27.Rb4 Qc6 28.Rc1 Kg8 
29.Bxg5 a5 30.Rb5 Qc4 31.Rxb6 Nxg5 32.Nxg5 hxg4 33.Qxg4 Rxh2 34.Qf4 Qa2 
35.Qxf7+ Kh8 36.Qf3 d2+ 37.Kd1 dxc1=Q+ 38.Kxc1 Rxc3+ 0-1

[Event "Statisztika"]
[Site "Budapest"]
[Date "1991.??.??"]
[Round "5"]
[White "Nemeth, Zoltan"]
[Black "Kovacs, Janos"]
[Result "1-0"]
[WhiteElo "2345"]
[BlackElo "2345"]
[EventDate "1991.??.??"]
[PlyCount "81"]

1.Nf3 Nf6 2.g3 e6 3.Bg2 d5 4.O-O Be7 5.d4 O-O 6.c4 c6 7.b3 Nbd7 8.Nbd2 b6 
9.Bb2 Bb7 10.Rc1 Rc8 11.Ne5 Nxe5 12.dxe5 Nd7 13.e4 dxc4 14.Nxc4 Ba6 15.Re1
Bxc4 16.Rxc4 c5 17.f4 Qc7 18.Rc2 Rfd8 19.Qe2 Nb8 20.f5 exf5 21.exf5 Qd7 
22.e6 fxe6 23.Qg4 e5 24.Bxe5 Bf8 25.Bf6 Re8 26.Rd1 Qxd1+ 27.Qxd1 gxf6 28.
Qd5+ Kh8 29.Qf7 Rcd8 30.Re2 Rd1+ 31.Kf2 Red8 32.Re8 R1d2+ 33.Kg1 Rd1+ 34.
Bf1 Rxe8 35.Qxe8 Nd7 36.Qf7 c4 37.Kg2 b5 38.bxc4 Rd2+ 39.Kh3 Bc5 40.cxb5 
Bg1 41.Bg2 1-0

[Event "Statisztika"]
[Site "Budapest"]
[Date "1991.??.??"]
[Round "5"]
[White "Varga, Sandor"]
[Black "Lehmann, Heinz"]
[Result "0-1"]
[WhiteElo "2205"]
[BlackElo "2315"]
[EventDate "1991.??.??"]
[PlyCount "88"]

1.e4 c5 2.Nc3 e6 3.f4 d5 4.Bb5+ Nc6 5.exd5 exd5 6.Qe2+ Be7 7.Nf3 Nf6 8.O-O
O-O 9.d3 Bd7 10.Bxc6 Bxc6 11.Ne5 Be8 12.f5 d4 13.Ne4 Nxe4 14.Qxe4 f6 15.
Nf3 Bc6 16.Qg4 Re8 17.Bf4 Bf8 18.Nh4 Qd7 19.h3 b5 20.Rae1 Qd5 21.Re6 Rxe6 
22.fxe6 Re8 23.Re1 Bd7 24.Nf5 Bxe6 25.Qh5 Qd7 26.Nd6 Bf7 27.Qxf7+ Qxf7 28.
Rxe8 Qd7 29.Rb8 g5 30.Bg3 Qe6 31.Nxb5 Kg7 32.Rb7+ Kg6 33.Rxa7 Qe3+ 34.Kh2 
h5 35.Ra8 Bh6 36.Ra6 h4 37.Bd6 g4 38.hxg4 Bf4+ 39.Bxf4 Qxf4+ 40.Kh1 Qc1+ 
41.Kh2 Qxc2 42.Rc6 Qxd3 43.Rxc5 Qg3+ 44.Kh1 d3 0-1

[Event "Statisztika"]
[Site "Budapest"]
[Date "1991.??.??"]
[Round "6"]
[White "Higatsberger, Michael"]
[Black "Morvay, Miklos"]
[Result "1/2-1/2"]
[WhiteElo "2200"]
[BlackElo "2315"]
[EventDate "1991.??.??"]
[PlyCount "98"]

1.c4 e5 2.Nc3 Nc6 3.g3 f5 4.Bg2 Nf6 5.e3 g6 6.Nge2 Bg7 7.Rb1 a5 8.O-O O-O 
9.d3 d6 10.b3 Qe8 11.Nd5 Nxd5 12.cxd5 Nb4 13.a3 Na6 14.b4 axb4 15.axb4 Bd7
16.Qd2 c6 17.Nc3 Nc7 18.Bb2 Qf7 19.dxc6 Bxc6 20.f4 exf4 21.gxf4 Bxg2 22.
Qxg2 d5 23.Kh1 Rfe8 24.Rfe1 d4 25.exd4 Bxd4 26.Qxb7 Reb8 27.Qc6 Rb6 28.Qg2
Rxb4 29.Nb5 Ra2 30.Nxc7 Rbxb2 31.Rxb2 Rxb2 32.Qa8+ Kg7 33.Ne6+ Kh6 34.Qf3 
Qb7 35.Nxd4 Qxf3+ 36.Nxf3 Kh5 37.h3 h6 38.Kg1 Rb3 39.Rd1 g5 40.fxg5 hxg5 
41.Kf2 g4 42.hxg4+ fxg4 43.Ne5 Kg5 44.Kg3 Rb4 45.d4 Kf5 46.Nxg4 Rb3+ 47.
Kh4 Rf3 48.d5 Rf4 49.Kh3 Rxg4 1/2-1/2